Damso - Dieu ne ment jamais : paroles - Statistiques

Statistiques générales
  • Ce quiz a été pris 1 340 fois
  • Le résultat moyen est 331 sur 500
Statistiques - réponses
Answervivre % Correct
a
99%
à
99%
Couplet 3 A
99%
d'
98%
j'
98%
Couplet 2 J'
98%
m'
98%
n'
98%
l'
95%
Refrain L'
95%
me
95%
c'
94%
de
92%
La
92%
la
92%
ma
92%
t'
92%
pas
90%
et
89%
qu'
89%
le
88%
Le
88%
ne
88%
su
88%
ai
87%
en
86%
que
86%
Couplet 1 Pour
84%
pour
84%
autre
83%
être
82%
faire
82%
des
81%
dit
80%
honnête
80%
autrement
79%
ce
79%
dans
79%
Dans
79%
sais
79%
haine
78%
aime
77%
mon
77%
si
77%
moi
76%
musique
76%
On
76%
on
76%
mais
75%
méchanceté
75%
se
75%
cicatriser
74%
Je
74%
je
74%
comme
72%
est
72%
Homme
72%
noir
72%
Personne
72%
personne
72%
sois
72%
dedans
71%
il
71%
maman
71%
suis
71%
vais
71%
jusqu'à
70%
lumière
70%
roulé
70%
attriste
69%
beaucoup
69%
fume
69%
par
69%
absence
68%
frère
67%
hommes
67%
loin
67%
plus
67%
aimera
66%
bien
66%
Outro Dieu
66%
y
66%
cœur
65%
fait
65%
jamais
65%
risque
65%
rouler
65%
son
65%
aimais
64%
diable
64%
joint
64%
ment
64%
quelques
64%
monde
63%
parce
62%
entre
61%
fais
61%
signer
61%
tu
61%
oublier
58%
près
58%
Très
58%
anges
57%
elle
57%
Regarde
57%
voix
57%
celle
56%
grillage
56%
musicalité
56%
vautours
56%
moins
55%
chiffres
54%
du
54%
noix
54%
disques
53%
fessier
53%
frères
53%
nuages
53%
public
53%
résonne
53%
avisé
52%
entrer
52%
maisons
52%
ta
52%
pluie
51%
tomber
51%
tout
51%
Tout
51%
veulent
50%
ventes
49%
contrats
48%
un
48%
seul
47%
sur
46%
les
45%
œil
44%
Qui
44%
tué
44%
tue
44%
vie
44%
ensemble
43%
goût
43%
ils
43%
deuil
42%
mal
42%
Négro
42%
amour
41%
bouche
41%
chanson
41%
fermer
41%
tire
41%
véreux
41%
avais
40%
grande
40%
gueule
40%
Sperme
40%
liste
39%
Lune
39%
attention
38%
portent
38%
veut
37%
croit
36%
meurs
36%
besoin
35%
cas
35%
f'ra
35%
échec
34%
portes
34%
solitaire
34%
Argenteuil
33%
avant
33%
chaque
33%
viens
33%
Damso
32%
fois
32%
Adam
31%
game
31%
juste
31%
pomme
31%
rappelle
31%
sens
30%
avalé
29%
perquis'
29%
sous
29%
vois
28%
douleur
27%
sans
27%
sors
27%
voit
27%
prendre
26%
intestinale
25%
Louboutin
25%
prêt
25%
pris
25%
genre
24%
masculin
24%
méfie
24%
salé
24%
sponso'
24%
digéré
23%
étais
23%
mes
23%
meufs
23%
vagin
23%
vécu
23%
artistique
22%
défoule
22%
genoux
22%
sucré
22%
trahison
22%
vivre
22%
fléchis
21%
mains
21%
malaise
21%
au-d'ssus
20%
cache
20%
derrière
20%
fin
20%
piano
20%
s'rai
20%
touche
20%
Esprit
19%
Nan
19%
serre
19%
chose
18%
connais
18%
récit
18%
torturé
18%
écartés
17%
Métissé
17%
soucis
17%
milieu
16%
cellule
15%
d'jà
15%
sombre
15%
biatch
14%
conscience
14%
Enfermé
14%
reprends
14%
tel
14%
Trous
14%
dessaoule
13%
Pique
13%
détruis
12%
dos
12%
eucharistique
12%
hérisson
12%
FuentesVie
4%
SantosVie
4%
Aucun quiz correspondant
Distribution des résultats
% des personnes avec chaque résultat
Percentile par nombre de réponses
Votre historique - résultats
Vous n’avez pas pris ce quiz